| 000 | 00787nam a22002295a 4500 | ||
|---|---|---|---|
| 005 | 20171107091942.0 | ||
| 008 | 170208t2014 gw a frb 000 0 eng d | ||
| 020 | _a9783319381206 | ||
| 040 |
_aEG-ScBUE _beng _cEG-ScBUE _dEG-ScBUE |
||
| 082 | 0 | 4 |
_222 _a006.8 _bAUG |
| 245 | 0 | 0 |
_aAugmented reality art : _bfrom an emerging technology to a novel creative medium / _ceditor Vladimir Geroimenko. |
| 260 |
_aCham : _bSpringer, _cc.2014. |
||
| 300 |
_axviii, 314 p. : _bill. ; _c24 cm. |
||
| 504 | _aIncludes bibliographical references. | ||
| 541 | _aDonation from Vladimir Geroimenko. | ||
| 650 | 0 |
_2BUEsh _aAugmented reality. |
|
| 650 | 7 |
_93615 _aComputer graphics. _2BUEsh |
|
| 650 | 7 |
_93615 _aComputer graphics. _2BUEsh |
|
| 651 | _2BUEsh | ||
| 653 |
_bCOMSCI _cFebruary2017 |
||
| 942 | _2ddc | ||
| 999 |
_c24085 _d24057 |
||